LEADER 00866nam a2200217 i 4500 001 000000165510 003 CaOOAMICUS 005 20240528150355.0 008 071018s1961 it u000 u ita u 040 $aSeMil$bita 100 1 $aCicognani, Bruno,$d<1879-1971>.$0(OLS)http://semarc/name/15191 245 15$a1: L'età favolosa /$cBruno Cicognani. 300 $a548 p. ;$c21 cm 490 1 $aTutte le opere di Bruno Cicognani ;$v5./1 773 0 $aCicognani, Bruno <1879-1971>$tRicordi.$dFirenze : Vallecchi, 1961-1965-$g1$w()18579 830 0$aTutte le opere di Bruno Cicognani ;$v5./1.$0(OLS)http://semarc/title/24465 850 $aSeMil 852 $aSeMil$W1$xVenegono$y1$m1B IV 213$j248532$B116704$CSeMilBibl$Z2$F127644 $81 961 $aRecupero: Altro 996 $6245$a1: L'età favolosa$9(OLS)http://semarc/title/236334 LEADER 00949nam a2200241 i 4500 001 000000155440 003 CaOOAMICUS 005 20260304141813.0 008 061110s1954 it u000 u ita u 013 $a132792 040 $aSeMil$bita 100 1 $aPapini, Giovanni,$d<1881-1956>.$0(OLS)http://semarc/name/1547 245 10$aConcerto fantastico :$b110 racconti, capricci, divertimenti, ritratti /$cGiovanni Papini. 260 $aFirenze :$bVallecchi,$c1954. 300 $aVI, 604 p. ;$c21 cm. 490 0 $aArcilibro ;$v2 830 0$aArcilibro ;$v2.$0(OLS)http://semarc/title/21186 850 $aSeMil 852 $aSeMil$W1$xVenegono$y1$m1B V 122$j107273$B107273$CSeMilBibl$Z2$F116650 $81 961 $aRecupero: Altro 996 $6245$aConcerto fantastico :$b110 racconti, capricci, divertimenti, ritratti$9(OLS)http://semarc/title/227633 996 $6260$aFirenze :$bVallecchi$9(OLS)http://semarc/publisher/29768